Designing Interactive Systems: A Comprehensive Guide to HCI and Interaction design (Record no. 23740)

000 -LEADER
fixed length control field 00381nam a22001097a 4500
008 - FIXED-LENGTH DATA ELEMENTS--GENERAL INFORMATION
fixed length control field 140103b xxu||||| |||| 00| 0 eng d
010 ## - LIBRARY OF CONGRESS CONTROL NUMBER
LC control number 2009045257
020 ## - INTERNATIONAL STANDARD BOOK NUMBER
International Standard Book Number 9780321435330
Terms of availability Available
082 ## - DEWEY DECIMAL CLASSIFICATION NUMBER
Edition number Second Ed
Classification number 004.21BEN
Author Mark 002601
245 ## - TITLE STATEMENT
Title Designing Interactive Systems: A Comprehensive Guide to HCI and Interaction design
Statement of responsibility, etc. Benyon David
260 ## - PUBLICATION, DISTRIBUTION, ETC.
Place of publication, distribution, etc. India
Name of publisher, distributor, etc. Pearson Education
Date of publication, distribution, etc. 2010
Holdings
Withdrawn status Lost status Source of classification or shelving scheme Damaged status Not for loan Permanent Location Current Location Shelving location Date acquired Total Checkouts Full call number Barcode Date last seen Price effective from Koha item type
          School of Interdisciplinary Engineering and Sciences (SINES) School of Interdisciplinary Engineering and Sciences (SINES) General Stacks 01/03/2014   004.21BEN RCMS002601 01/03/2014 01/03/2014 Book
© 2023 Central Library, National University of Sciences and Technology. All Rights Reserved.